| 000 | 01551cam a2200229 4500 | ||
|---|---|---|---|
| 001 | L136627 | ||
| 008 | 070212n2007 000 0 eng u | ||
| 035 | _a(Sirsi) u136627 | ||
| 041 | 0 | _aeng | |
| 050 | _a346.410438 $2 18 | ||
| 110 | 2 |
_aUnited Kingdom _bLand Registry _94774 |
|
| 245 | 0 | 0 |
_aLand Registry e-conveyancing secondary legislation _bpart 1 _h[electronic resource] |
| 260 |
_aLondon _bLand Registry _c2007 |
||
| 505 | 2 | _aHow to respond -- Executive summary -- Signing up to e-conveyancing -- Full network access agreement -- E-conveyancing services: an overview -- Discussion of draft Land Registration (Network Access) Rules 2007 -- Draft of the Land Registration (Network Access) Rules 2007 -- Discussion of draft Land Registration (Electronic Communications) Order 2007 -- Draft of The Land Registration (Electronic Communications) Order 2007 -- Annex A: partial regulatory impact assessment -- Annex B: legislation referred to in consultation paper. | |
| 520 | _aContains the Land Registry's proposals for The Land Registration (Network Access) Rules 2007 and The Land Registration (Electronic Communications) Order 2007. | ||
| 590 | _aKA NTK | ||
| 650 | 2 | 4 | _aECONVEYANCING |
| 651 | 4 |
_aEngland and Wales _y1543- |
|
| 690 | _aPROPERTY-PROPERTY ACQUISITION AND DISPOSAL-CONVEYANCING-ECONVEYANCING | ||
| 856 | 4 | 0 |
_uhttps://econsultations.e-conveyancing.gov.uk/inovem/consult.ti/SecondaryLegislationPart1/consultationHome _zView the consultation document free of charge at http://econsultations.e-conveyancing.gov.uk... |
| 942 | _n0 | ||
| 999 |
_c106460 _d106460 |
||